Fuego en la montaña /

Guardado en:
Autor Corporativo: Videopedia Britannica.
Formato: Deslizar
Materias:
Etiquetas: Agregar Etiqueta
Sin Etiquetas, Sea el primero en etiquetar este registro!
LEADER 00741ngm a22002295g 4500
001 CEM.cems021666
008 130507b199?##################0###0#####d
005 20240903151122.0
245 1 0 |a Fuego en la montaña /  |c Videopedia Britannica 
300 |a 9 
500 |a En soporte VHS, consultar en ventanilla. 
505 0 |a Erupción volcánica. Causas. Prevención. Medidas de protección. 
538 |a Soporte: VHS - Norma: Pal N - Color - Compra CEMS - Hitachi=0000 
110 2 |a Videopedia Britannica. 
082 5 5 |/ VID 
653 |a GEOLOGIA 
653 |a FUEGO 
653 |a VOLCANES 
653 |a GEOGRAFIA 
653 |a MONTAÑA 
653 |a NIVEL SECUNDARIO 
859 |a CEMS  |b BIB. CEMS - Depto. Recursos Didacticos  |h 551  |i VID  |k DRD  |p 309.12  |t Ej.1